Inštitucionálny rámec regionálneho rozvoja

Nové procesy a účastníci regionálneho rozvojového procesu. Úloha Európskej únie v regionálnej politike. Prístupy výstavby inštitucionálneho zabezpečenia regionálnej politiky. Vertikálne koordinačný variant. Horizontálny integrovaný variant. Zmiešaný systém.

Salvato in:
Dettagli Bibliografici
Autore principale: Buček, Milan
Natura: Capitolo di libro
Lingua:slovacco
Soggetti:
Tags: Aggiungi Tag
Nessun Tag, puoi essere il primo ad aggiungerne!!

MARC

LEADER 00000naa a2200000 4500
001 r033875
005 20230825081835.5
041 0 |a slo 
044 |a SK 
245 1 0 |a Inštitucionálny rámec regionálneho rozvoja  |c Milan Buček 
520 |a Nové procesy a účastníci regionálneho rozvojového procesu. Úloha Európskej únie v regionálnej politike. Prístupy výstavby inštitucionálneho zabezpečenia regionálnej politiky. Vertikálne koordinačný variant. Horizontálny integrovaný variant. Zmiešaný systém. 
610 2 0 |a procesy sociálno-ekonomické 
610 2 0 |a regióny 
610 2 0 |a politika regionálna 
610 2 0 |a decentralizácia 
610 2 0 |a programy rozvojové 
610 2 0 |a samospráva 
610 2 0 |a kraje 
610 2 0 |a Slovensko 
100 1 |a Buček, Milan